[Event "CZE-chT2C 1112"]
[Site "Czech Republic"]
[Date "2012.01.08"]
[Round "5.7"]
[White "Jezek, Ludek"]
[Black "Snorek, Milan"]
[Result "0-1"]
[WhiteElo "1795"]
[BlackElo "2097"]
[PlyCount "84"]
[EventDate "2011.10.09"]
[EventType "team-tourn"]
[EventRounds "11"]
[EventCountry "CZE"]
[SourceTitle "EXT 2013"]
[Source "ChessBase"]
[SourceDate "2012.11.22"]
[SourceVersion "1"]
[SourceVersionDate "2012.11.22"]
[SourceQuality "1"]
[WhiteTeam "Turnov Zikuda III"]
[BlackTeam "Jicin II"]
[WhiteTeamCountry "CZE"]
[BlackTeamCountry "CZE"]

1. e4 c5 2. Nf3 e6 3. d4 cxd4 4. Nxd4 a6 5. Nc3 Qc7 6. Be2 Nf6 7. a3 b6 8. 0-0 Bb7 9. Bf3 d6 10. Be3 Nbd7 11. Bg5 Be7 12. g3 h6 13. Bd2 0-0 14. h3 Rfe8 15. Bg2 Rac8 16. Rc1 Qb8 17. Re1 Rc4 18. Nb3 Qa8 19. f3 Rcc8 20. Bf4 Ne5 21. Bxe5 dxe5 22. Nb1 Nh5 23. Kh2 g6 24. Qe2 Qb8 25. Rcd1 Qc7 26. c3 a5 27. h4 Bc6 28. Nc1 a4 29. Rd2 Kg7 30. Red1 Red8 31. Na2 Rxd2 32. Rxd2 Rd8 33. Nb4 Be8 34. Qd1 Rxd2 35. Qxd2 g5 36. hxg5 Bxg5 37. Qd3 Qc5 38. Nd2 Qf2 39. Nf1 Nxg3 40. Nxg3 Bf4 41. Qd8 Qxg3+ 42. Kg1 Be3+ 0-1